| 000 | 00694cam a22002533a 4500 | ||
|---|---|---|---|
| 001 | 945 | ||
| 003 | PGUSA | ||
| 005 | 20140828082954.0 | ||
| 008 | 970601s1997||||xxu|||||s|||||000 1 eng d | ||
| 040 |
_aPGUSA _beng |
||
| 042 | _adc | ||
| 050 | 4 | _aPS | |
| 100 | 1 |
_aHaldeman-Julius, Marcet, _d1887-1941 |
|
| 245 | 1 | 0 |
_aDust _h[electronic resource] / _cMarcet Haldeman-Julius |
| 260 |
_bProject Gutenberg, _c1997 |
||
| 506 | _aPublic domain in the USA. | ||
| 516 | _aElectronic text | ||
| 653 | _aMarriage -- Fiction | ||
| 653 | _aCountry life -- Fiction | ||
| 653 | _aDomestic fiction | ||
| 830 | 0 |
_aProject Gutenberg _v945 |
|
| 856 | 4 | 0 | _uhttp://www.gutenberg.org/ebooks/945 |
| 942 | _cEB | ||
| 999 |
_c230296 _d230296 |
||